Statistieken voor Grootste steden in Frankrijk

Klik hier om de quiz te nemen!

Algemene statistieken

  • Deze quiz is 323 keer genomen
  • De gemiddelde score is 11 van 20

Antwoordstatistieken

BevolkingStad% Correct
2,229,621Parijs
99%
855,393Marseille
96%
500,715Lyon
95%
342,295Nice
86%
243,626Bordeaux
85%
231,491Lille
78%
458,298Toulouse
70%
292,718Nantes
66%
275,718Straatsburg
60%
153,003Dijon
55%
211,373Rennes
53%
272,084Montpellier
52%
172,074Le Havre
44%
182,592Reims
43%
160,215Grenoble
33%
150,564Nîmes
24%
172,023Saint-Étienne
23%
163,760Toulon
21%
150,125Angers
15%
147,192Villeurbanne
4%

Scoreverdeling

Percentiel versus Aantal Correcte Antwoorden

Procent van Mensen met Elke Score

Uw Scoregeschiedenis

U heeft deze quiz nog niet genomen